阪神電鉄の駅(五十音順) - Statistics

General Stats
  • This quiz has been taken 34 times
  • The average score is 37 of 51
Answer Stats
頭文字 路線 駅名 % Correct
阪神本線/阪神なんば線 尼崎
100%
阪神本線 芦屋
95%
阪神本線 尼崎センタープール前
95%
阪神なんば線
95%
阪神本線/武庫川線 武庫川
95%
阪神本線 今津
89%
阪神本線 大阪梅田
89%
阪神本線 西宮
89%
阪神本線 福島
89%
阪神本線 御影
89%
阪神本線 魚崎
84%
阪神本線 甲子園
84%
阪神本線 神戸三宮
84%
阪神本線/阪神なんば線 大物
84%
阪神本線 鳴尾・武庫川女子大前
84%
阪神なんば線 西九条
84%
阪神本線 野田
84%
阪神本線 石屋川
79%
阪神なんば線 大阪難波
79%
神戸高速線 高速神戸
79%
神戸高速線 高速長田
79%
神戸高速線 新開地
79%
阪神なんば線 ドーム前
79%
武庫川線 武庫川団地前
79%
阪神本線/神戸高速線 元町
79%
阪神なんば線 九条
74%
阪神本線 香櫨園
74%
阪神本線 青木
68%
阪神本線 春日野道
68%
阪神本線 久寿川
68%
阪神なんば線 桜川
68%
阪神本線 住吉
68%
阪神なんば線 伝法
68%
神戸高速線 西代
68%
阪神本線 出屋敷
63%
阪神本線 西灘
63%
神戸高速線 西元町
63%
阪神本線 杭瀬
58%
神戸高速線 大開
58%
阪神本線 千船
58%
阪神本線 深江
58%
阪神本線 淀川
58%
阪神本線 大石
53%
阪神本線 新在家
53%
武庫川線 洲先
53%
阪神なんば線 千鳥橋
53%
阪神なんば線 出来島
53%
阪神本線 姫島
53%
阪神本線 岩屋
47%
阪神本線 打出
47%
武庫川線 東鳴尾
42%
No matching quizzes found
Score Distribution
Percent of People with Each Score
Percentile by Number Answered
Your Score History
You have not taken this quiz